000 00899nam a2200205Ii 4500
003 JO-AjNU
008 230605s9999||||xx |||||||||||||| ||und||
040 _aJO-AjNU
_bara
_erda
_cJO-AjNU
041 _aara
050 1 4 _aBP191.F3464 1994
100 3 _aالفخري، علي بن محمد بن عبد الله ؛ تحقيق وتقديم رشيد البندر,
_eauthor
_937496
245 0 0 _aتلخيص البيان في ذكر فرق أهل الأديان
250 _aط1
264 3 1 _aد.م: دار الحكمة للطباعة والنشر والتوزيع ، 1994
300 _a294ص
_bمصادر التحقيق ص 264-272 ؛ الفهارس العامة ص 273-292
336 _atext
_btxt
_2rdacontent
337 _aunmediated
_bn
_2rdamedia
338 _avolume
_bnc
_2rdacarrier
650 4 _aفرق اسلامية- ديانات مقارنة- عقيدة اسلامية- عبادات
_937497
999 _aA15672
_c19240
_d19240